000 00807nam a22002417a 4500
005 20240829123040.0
010 _aENG-141530
020 _a9788192084404 (vol.1)
_c900.00
035 _aEN-125062
037 _bDBAD
082 _21
_a306.6320954
100 _aDatta, Amlan
_970752
245 _aDevelopment Challenges and Response /
_cby Amlan Datta; edited by B.B Dutta , Swapan Mazumdar and Sandip Das
250 _a1
260 _aGurgaon
_bDivya Jeevan Foundation
_c2011
270 _aPD -75 Malibu Towne
_bGurgaon
_e122001
_k1242219064
_minfo@divyajeevan.org
300 _a402p.:
_c23cm(hb)
500 _aVolume 1: Perspectives
700 _aDutta,B.B
_970703
700 _aMazumdar ,Swapan
_970753
700 _aDas, Sandip
_970754
942 _2ddc
_h306.6320954
_mDAT
_cEN
999 _c205405
_d205405